00903 a2200205 4500022001200000050002300012100002600035110005100061245027100112264004600383300001100429500005000440650003000490650003100520651001800551700002700569700002500596700002500621710005100646 Ino issn00aKTL19.A35 SOU 1981 aBarnett, J.L.eeditor aAdvocates of the Supreme Court of South Africa04aSouth African law reports 1981(3) August : bDecisions of the Supreme Court of South Africa, South-West Africa division, High court of Zimbabwe, Supreme court of Transkei, Supreme court of Bophuthatswana, Supreme court of Venda /cM. Barnett, Buchanan, J.L. ...et al aSouth Africa:bJuta and Company LTDc1981 a366p.: aIncludes bibliographical references and index 0aLaw reports, digests, etc 7aLaw reports, digests, etc. 7aSouth Africa.1 aBuchanan, J.L.eeditor1 aFisher, D.S.eeditor1 aAckermann, Ieeditor1 aAdvocates of the Supreme court of South Africa